| 000 | 00815nam a2200241Ia 4500 | ||
|---|---|---|---|
| 999 |
_c41121 _d41121 |
||
| 001 | 7771 | ||
| 003 | GE_BSU | ||
| 005 | 20221114162937.0 | ||
| 008 | 181216s2010||||enk|||||||||||||| ||eng|| | ||
| 020 | _a9780470088586x | ||
| 040 | _cGE_BSU | ||
| 041 | _aeng | ||
| 080 | _a338.487+005 R-37 | ||
| 100 |
_aReid, Robert D. _913098 |
||
| 245 |
_aHospitality Marketing Management / _cRobert D. Reid. |
||
| 264 |
_aNew Jersey : _bHoboken, _c2010. |
||
| 300 |
_a656 p. _bCol. ill. _c 29cm. |
||
| 653 | _aHospitality Marketing Management | ||
| 653 | _aმარკეტინგი | ||
| 653 | _aსტუმართმოყვარეობის მარკეტინგის მენეჯმენტი | ||
| 653 | _aУправление гостиничным маркетингом | ||
| 942 |
_cBK _2udc |
||